Doctor Who Stories: Hot or Cold? Quiz Stats

 Plays Quiz not verified by Sporcle

Score 0/5 Timer 10:00
0 Plays Today
% Correct
PARTNERS IN CRIME
87.9%
UNDER THE LAKE/BEFORE THE FLOOD
72.6%
THE POWER OF THE DALEKS
61.6%
CARNIVAL OF MONSTERS
55%
FRONTIOS
53.5%

You're not logged in!

Compare scores with friends on all Sporcle quizzes.
OR
Log In

You Might Also Like...

Show Comments

Extras

Top Quizzes Today


Score Distribution

Your Account Isn't Verified!

In order to create a playlist on Sporcle, you need to verify the email address you used during registration. Go to your Sporcle Settings to finish the process.

Report this User

Report this user for behavior that violates our Community Guidelines.

Details: